000 00755nam a2200229 u 4500
005 20230705063559.0
008 160512s2011 r 000 0 eng d
020 _a9788499800691
035 _aUPN01000210286
049 _aCG
050 4 _aLB1043
_aA4.3
100 1 _aAmbròs Pallarés, Alba
_939155
245 1 0 _a10 ideas clave :
_beducar en medios de comunicación : educación mediática /
_cAlba Ambrós, Ramon Breu.
260 _aBarcelona, Esp. :
_bGraó,
_c2011.
300 _a230 p. :
_bcuadros
440 0 _aIdeas clave ;
_v15
650 4 _aMedios masivos de comunicación en la educación
_94936
650 4 _aEnseñanza audiovisual
_913757
700 1 _aBreu Pañella, Ramon,
_d1956-
_ecoaut.
_941805
905 _aLibro
999 _c182387
_d182387